<?xml version="1.0" encoding="UTF-8"?>
<record
    xmlns:xsi="http://www.w3.org/2001/XMLSchema-instance"
    xsi:schemaLocation="http://www.loc.gov/MARC21/slim http://www.loc.gov/standards/marcxml/schema/MARC21slim.xsd"
    xmlns="http://www.loc.gov/MARC21/slim">

  <leader>00965nam a2200229 i 4500</leader>
  <controlfield tag="001">40063</controlfield>
  <controlfield tag="003">ES-MaACL</controlfield>
  <controlfield tag="005">20251105063128.0</controlfield>
  <controlfield tag="007">t|</controlfield>
  <controlfield tag="008">030305s1869    fr           |||| | fre d</controlfield>
  <datafield tag="100" ind1="1" ind2=" ">
    <subfield code="a">Cant&#xF9;, Cesare, </subfield>
    <subfield code="d">1804-1895</subfield>
    <subfield code="9">34697</subfield>
  </datafield>
  <datafield tag="245" ind1="1" ind2="4">
    <subfield code="a">Les her&#xE9;tiques d'Italie / </subfield>
    <subfield code="c">discours hist&#xF3;riques de C&#xE9;sar Cant&#xFA; ; traduit de l'italien par Anicet Digard et Edmond Mart&#xED;n.</subfield>
  </datafield>
  <datafield tag="260" ind1=" " ind2=" ">
    <subfield code="a">Paris : </subfield>
    <subfield code="b">[s.n., </subfield>
    <subfield code="c">1869] (</subfield>
    <subfield code="f">Simon Ra&#xE7;on et Comp.)</subfield>
  </datafield>
  <datafield tag="300" ind1=" " ind2=" ">
    <subfield code="a">5 v. ; </subfield>
    <subfield code="c">22 cm.</subfield>
  </datafield>
  <datafield tag="505" ind1="8" ind2=" ">
    <subfield code="a">Contiene: I ; </subfield>
    <subfield code="t">La reforme en Italie, les pr&#xE9;curseurs - II ; </subfield>
    <subfield code="t">Le Concile de Trente - III ; </subfield>
    <subfield code="t">Les suites du Concile de Trente - IV ; </subfield>
    <subfield code="t">L'h&#xE9;r&#xE9;sie scientifique - V ; </subfield>
    <subfield code="t">L'h&#xE9;r&#xE9;sie dans la R&#xE9;volution</subfield>
  </datafield>
  <datafield tag="650" ind1=" " ind2="4">
    <subfield code="a">Herej&#xED;as-</subfield>
    <subfield code="z">Italia-</subfield>
    <subfield code="v">Historia.</subfield>
    <subfield code="9">164957</subfield>
  </datafield>
  <datafield tag="650" ind1="0" ind2="7">
    <subfield code="a">Historia eclesi&#xE1;stica</subfield>
    <subfield code="2">embne</subfield>
    <subfield code="9">13400</subfield>
  </datafield>
  <datafield tag="700" ind1="1" ind2=" ">
    <subfield code="a">Digard, Anicet.</subfield>
    <subfield code="9">44794</subfield>
  </datafield>
  <datafield tag="700" ind1="1" ind2=" ">
    <subfield code="a">Mart&#xED;n, Edmond.</subfield>
    <subfield code="9">77286</subfield>
  </datafield>
  <datafield tag="852" ind1=" " ind2=" ">
    <subfield code="a">ES-MaACL</subfield>
    <subfield code="j">F-12967-71</subfield>
  </datafield>
  <datafield tag="999" ind1=" " ind2=" ">
    <subfield code="c">40063</subfield>
    <subfield code="d">40063</subfield>
  </datafield>
  <datafield tag="952" ind1=" " ind2=" ">
    <subfield code="0">0</subfield>
    <subfield code="1">0</subfield>
    <subfield code="4">0</subfield>
    <subfield code="7">0</subfield>
    <subfield code="8">LIBXIX</subfield>
    <subfield code="a">ATENEOM</subfield>
    <subfield code="b">ATENEOM</subfield>
    <subfield code="c">SPP2</subfield>
    <subfield code="d">2008-01-17</subfield>
    <subfield code="e">SC</subfield>
    <subfield code="l">0</subfield>
    <subfield code="o">F-12967-71</subfield>
    <subfield code="p">1042181</subfield>
    <subfield code="r">2023-02-23 00:00:00</subfield>
    <subfield code="w">2023-02-23</subfield>
    <subfield code="y">MONANT</subfield>
  </datafield>
</record>
